Quizzes
Events
Quiz Creation
Community
Videos
Private Events
Remove Ads
Sign In
Join for FREE
Feedback
Dark Mode
Quiz Categories
Sports
Geography
Music
Movies
Television
Just For Fun
Miscellaneous
History
Literature
Language
Science
Gaming
Entertainment
Religion
Holiday
For Kids
Quiz Lab
Recent
Popular Today
Quiz Kudos Today
Editor Picks
Curator Picks
Quizzes by...
Day
Popularity
Type
Ratings
Length
Year
Community
Subscriptions
Recent Discussions
Orange Saloon
Badges
Playlists
Quests
Create
Leaderboards
Showdown
Live 5
Trivia Bingo
Activity
Puzzle Library
Sporcle Events
Private Events
Virtual Trivia
Globe League
Become a Host
Pub Owners
SporcleCon
Opinionation
Our Games
Videos
Blog
Mobile Apps
Partnerships
Remove Ads and Go Orange
Feedback
Movies
Disney
Marvel Cinematic Universe
Movie Resume
Movie Titles
Oscar
Actor
Actress
Director
Pixar
Role
Movie Quotes
Movie Characters
Box Office
Nominee
Best Picture
Star Wars
James Bond
Horror Movies
Movies
Disney
Marvel Cinematic Universe
Movie Resume
Movie Titles
Oscar
Actor
Actress
Director
Pixar
Role
Movie Quotes
Movie Characters
Box Office
Nominee
Best Picture
Star Wars
James Bond
Horror Movies
Random Quiz
Search Sporcle
×
Quiz Lab
Quiz Lab
Movies
Show
Type in answers that appear in a list
Type in answers that appear in a list
Classic
Best Score? Go Orange.
Changes (TC) - 'The Drew Carey Show' Stats
Can you name the changes that happened to the characters of 'the drew Carey Show' over the course of the show?
By
MovieVGManiac
10m
18 Questions
102 Plays
102 Plays
102 Plays
Comments
Comments
Give Quiz Kudos
Give Quiz Kudos
-
- Ratings
hide this ad
Forced Order
Answers have to be entered in order
Answers have to be entered in order
Replay
Link that replays current quiz
Next Quiz
Link to next quiz in quiz playlist
You Got
0%
They Got
Avg Score
55%
Avg Friend Score
Upgrade to see
Score Distribution
Jump to the score distribution portion of the page
Score
0/18
Timer
10:00
0
Plays Today
Description
Character
% Correct
Main focus of the show,mariage count: 6. One marriage to an english guy, one to a woman in Vegas, one to his best friend, one to a woman with a weight problem, one to some other gi
Drew Carey
98%
Drew's arch-
enemy, sometimes threw him overboard, ended up being simpatico with him. Had a kid with John Carroll Lynch called 'King Augustus Antonio Carey.
Mimi Bobeck-Carey
95.1%
Mostly comic relief, worked many jobs, complete idiot, nearly married Christa Miller, started out as a DJ, then a Mailman, and finally worked at Neverendingstore.com
Oswald Lee Harvey
94.1%
Dated hundreds of men throughout the show, married Drew, and finally left in season 8 to marry some guy in 'Nam (i may be istaken on the country).
Kate O' Brien
93.1%
Underrated englishman, Drew's boss for most of the series, also one of his spouse's. Constantly tossed aside and mostly comedic relief.
Mr. Nigel Algernon Wick
86.3%
Underrated janitor, used mostly for comic relief. He's adopted and a genius apparently.
With Ryan Stiles As Lewis
79.4%
Drew's brother,used to be a crossdresser,but apparently that dramatic/
comedic possible oscar-
winning storyline sucked. He also had a kid called 'King Augustus Antonio Carey' with K
Steve Carey
69.6%
She's comedic relief, and the owner of Winfred-
Lauder for a good half of the show.
Mrs. Louder
65.7%
He's doing the old lady-
boss, but ends up with Kathy Kinney, how does she cope?
Guest Starring: Larry Almada
48%
Description
Character
% Correct
She goes fat, then thin, leaves Drew. Rinse and repeat.
Nicki Fifer
44.1%
Drew's childhood friend, housewife, then got divorced, was a stripper, then met Drew again, worked at the warsaw, and had 'Drew Jr' with Drew in the finale.
Kellie Newmark
40.2%
Drew isn't aloud to date her but does anyway, it doesn't last, but he got a dog out of it.
Lisa Robbins
40.2%
She loses her husband in the final season, and before that she's just what she is, no character development.
Beulah Carey
35.3%
The security guard, the only real change you get out of him is that he ends up being Drew's neighbour.
Chuck
24.5%
An old highschool friend of 'the gang' who dates Christa Miller for season 1.
Jay Clemens
23.5%
He's pretty much comic relief until he falls of Drew's roof and dies in a pink jumpsuit in the final season.
George Carey
23.5%
He's Drew's boss in the last 2 seasons and
Scott
15.7%
Comic relief, he's the guy that Drew asks for advice, he doesn't give the avice, but they're good scenes.
Tony the Bus Driver
14.7%
Quiz Playlist
Details
Report
Send in Message
Add To Playlist
Classic:
Type in answers that appear in a list
Forced Order:
Answers have to be entered in order
Last Updated: Feb 16, 2017
Quiz Scoreboard
CHALLENGE
Sign Up to Join the Scoreboard
Show All
Scores
Hide
Comments
May contain spoilers
Recently Published
College Basketball Coaching Resumes
by pancakes188
Sports
9m
Billboard Blitz: Fleetwood Mac
by CooCooCachoo
Music
15s
Presidents Visiting Landmarks
by Hejman
History
7m
More to Explore
Quiz From the Vault
Featured Blog Post
Where Did the Easter Bunny Come From?
hide this ad
You Might Also Like...
Tags
Actor Quiz
Actress Quiz
Show Quiz
Carey
Character
course
description
Drew
Today's Top Quizzes in Movies
Browse Movies
hide this ad
Today's Top Quizzes in Show
Browse Show
Top Contributed Quizzes in Movies
1
Pick 5 Posters: Directed by Spielberg
2
7-to-1: Pixar Characters
3
Pick 5 Posters: Lowest-Rated Spielberg
4
Sorting Actors
5
Pick 5 Posters: Directed by Scorsese
6
Sorting Actresses
7
Pick 5 Posters: Star & Director
8
Pick 5 Posters: Women Directed 2020s
9
12 Movies about Fictional 1960s Events
10
Multi-Oscar Nominations, One Movie, One Winner
Explore More
Trending Topics
Marvel
NBA
Kpop
Harry Potter
Anime
Crossword
Disney
Soccer
Puzzle
WWE
Pokémon
Song
The Office
Country
NFL
hide this ad
More By:
MovieVGManiac
Quiz
Plays
Rating
Category
Featured
Created
Romero's Dead Series
15,694
4.15
Movies
Oct 2, 2009
Frasier Characters
5,937
4.12
Television
Oct 1, 2009
Tom and Jerry Characters
3,250
3.00
Television
Jan 1, 2010
Ice Age Characters
2,413
5.00
Movies
Nov 3, 2009
Red Dwarf Characters
2,317
3.09
Television
Oct 3, 2009
Go to Creator's Profile
Score Distribution
Quiz Creator Spotlight
MovieVGManiac
Follow
Send a Message
Quizzes Created
-
Created Quiz Play Count
-
More By This Creator
Popular Quizzes Today
1
Find the US States - No Outlines Minefield
2
Find the Countries of Europe - No Outlines Minefield
3
The Countries of the World
4
Find the US States
5
Risky Map Clicking: Biggest States A-Z
6
US States
7
Popular People in 1961
8
Movies - When Are They Set?
More Movies Quizzes
Highest Grossing Movies (1991)
Published
Trending Quizzes
Risky Map Clicking: Least Populous States A-Z
1-10 Letter G Words
1-10 Letter F Words
Risky Map Clicking: Next State Alphabetically
Risky Map Clicking: Biggest States A-Z
Recently Updated
Leaping Animals
pecheneg
Reality TV Shows (A-Z)
bhenderson79
Rickey Henderson's Hall of Fame Teammates
pecheneg
Champions League XIs: Arsenal
pecheneg
Quick Pick: Celebrities in WWE's Hall of Fame
aduchscher
A-Z Keypad Blitz II
pecheneg
Multiple Oscar Actors
pecheneg
Mystery Phrase Blitz: Oscar 'Best Actors'
pecheneg
F. Scott Fitzgerald Novels
LTH
Pick 3 Villains
ddd62291
Trending Topics
Disney
Harry Potter
Anime
Crossword
Kpop
NBA
Marvel
Pokémon
Soccer
Country
Song
WWE
Puzzle
The Office
NFL
Your Account Isn't Verified!
In order to create a playlist on Sporcle, you need to verify the email address you used during registration. Go to your
Sporcle Settings
to finish the process.
Report this User
Report this user for behavior that violates our
Community Guidelines
.
Details:
Send Report
Go to the Sporcle.com Mobile Site →
Comments